La Chine et les nations / (Record no. 189340)
[ view plain ]
| 000 -LEADER | |
|---|---|
| campo de control de longitud fija | 00929nam a2200253 i 4500 |
| 001 - NÚMERO DE CONTROL | |
| campo de control | 189340 |
| 003 - IDENTIFICADOR DE NÚMERO DE CONTROL | |
| campo de control | ES-MaACL |
| 005 - FECHA Y HORA DE LA ÚLTIMA TRANSACCIÓN | |
| campo de control | 20230906223442.0 |
| 008 - DATOS DE LONGITUD FIJA--INFORMACIÓN GENERAL | |
| campo de control de longitud fija | 190523s1928 fr b |||| | fre d |
| 100 1# - ENTRADA PRINCIPAL--NOMBRE DE PERSONA | |
| Nombre de persona | Wong Ching-Wai. |
| 9 (RLIN) | 167115 |
| 245 13 - MENCIÓN DEL TÍTULO | |
| Título | La Chine et les nations / |
| Mención de responsabilidad, etc. | Wong Ching-Wai ; traduction française de C. Heywood, d'après la version anglaise de I-Sen Teng et John Nind Smith. |
| 250 ## - MENCION DE EDICION | |
| Mención de edición | 3e éd. |
| 260 ## - PUBLICACIÓN, DISTRIBUCIÓN, ETC. | |
| Lugar de publicación, distribución, etc. | Paris : |
| Nombre del editor, distribuidor, etc. | Gallimard, |
| Fecha de publicación, distribución, etc. | 1928. |
| 300 ## - DESCRIPCIÓN FÍSICA | |
| Extensión | 222 p. : |
| Otras características físicas | 1 mapa ; |
| Dimensiones | 19 cm. |
| 490 1# - MENCIÓN DE SERIE | |
| Mención de serie | Les documents bleus ; |
| Designación de volumen o secuencia | 40 |
| 490 1# - MENCIÓN DE SERIE | |
| Mención de serie | Nrf |
| 504 ## - NOTA DE BIBLIOGRAFÍA, ETC. | |
| Nota de bibliografía, etc. | Bibliografía: p. [219]-220. |
| 651 #4 - PUNTO DE ACCESO ADICIONAL DE MATERIA--NOMBRE GEOGRÁFICO | |
| Nombre geográfico | China- |
| Subdivisión general | Historia- |
| Subdivisión cronológica | 1912-1949, República. |
| 9 (RLIN) | 159986 |
| 651 #4 - PUNTO DE ACCESO ADICIONAL DE MATERIA--NOMBRE GEOGRÁFICO | |
| Nombre geográfico | China- |
| Subdivisión general | Política y gobierno. |
| 9 (RLIN) | 8056 |
| 830 0# - PUNTO DE ACCESO ADICIONAL DE SERIE-TÍTULO UNIFORME | |
| Título uniforme | Les documents bleus ; |
| Designación de volumen o secuencia | 40 |
| 9 (RLIN) | 229567 |
| 830 0# - PUNTO DE ACCESO ADICIONAL DE SERIE-TÍTULO UNIFORME | |
| Título uniforme | Nrf |
| 9 (RLIN) | 189100 |
| 852 ## - LOCALIZACIÓN | |
| Ubicación | ES-MaACL |
| Número de control de estantería | L-32345 |
| Nota libre | . - Donat. herederos de la bibl. de Mª del Pilar Costa Palacín |
| Estatus retirado | Estado de pérdida | Estado de daño | No para préstamo | Biblioteca de origen | Biblioteca actual | Ubicación en estantería | Fecha de adquisición | Fuente de adquisición | Total de préstamos | Signatura topográfica completa | Código de barras | Visto por última vez | Precio de reemplazo | Tipo de ítem Koha |
|---|---|---|---|---|---|---|---|---|---|---|---|---|---|---|
| Biblioteca del Ateneo de Madrid | Biblioteca del Ateneo de Madrid | Depósito 2 | 23/05/2019 | L-32345 | 1200607 | 23/02/2023 | 23/02/2023 | Libro impreso |
